000 01005nam0a2200301 4500
001 RU\NLR\BIBL_A\012156551
005 20191216105124.0
010 _a978-5-6041690-9-4
_9200
021 _aRU
_bКН-П-19-083567
_9КН-П-19-6074
035 _a(NLR Aleph) 012156551
035 _a(RuMoRGB)010146221
090 _a12169710
_c12169710
100 _a20191205d2019 u y0rusy50 ca
101 0 _arus
102 _aRU
105 _aa|||z|||000gy
200 1 _aДневники
_e[стихи]
_fМихаил Коростелёв
210 _a[Б. м.
_cб. и.]
_d2019
215 _a219 с.
_cил.
_d21
327 1 _aСодерж.: циклы: Двадцатый век; 2002-2012 гг.; 2013-2015 гг.; 2016-2017 гг.; 2018-2019 гг.
686 2 _aШ6(2=Р)8-5
700 1 _aКоростелёв
_bМ. Д.
_gМихаил Д
942 _cBOOK
980 _aNBR
980 _aNB